000 01104cam a22002771 4500
001 e 08000756
003 DLC
005 20260227111150.0
007 cr_|||||||||||
008 770308s1908 tnu 000 0 eng c
010 _ae 08000756
035 _a(OCoLC)2784620
040 _aU.S. Off. of educ. Library
_cTNJ
_dOCoLC
_dDLC
050 0 0 _aLC383
_b.P7
100 1 _aPritchett, Henry S.
_q(Henry Smith),
_d1857-1939.
245 1 4 _aThe relations of Christian denominations to colleges,
_cby Henry S. Pritchett.
260 _a[Nashville, Tenn.,
_c1908]
300 _a26 p.
_c27 cm.
500 _aAn address before the Conference on education of the Methodist Episcopal church, South, at Atlanta, Ga., May 20, 1908.
500 _aPublished also in Educational review, v. 36, no. 3, p. 217-241.
530 _aAlso available in digital form on the Internet Archive Web site.
650 0 _aChurch and education
_zUnited States.
650 0 _aDenominational colleges.
610 2 0 _aCarnegie Foundation for the Advancement of Teaching.
856 4 1 _uhttp://hdl.loc.gov/loc.gdc/scd0001.00207759582
999 _c18733
_d18733